| 000 | 00810nam a2200241 a 4500 | ||
|---|---|---|---|
| 001 | BRL_194 | ||
| 005 | 20190320210629.0 | ||
| 008 | 901026s1986 mx-#######---#000-0#spa-d | ||
| 020 | _a9682910250 | ||
| 050 | 4 |
_aF1233 _b.G66 1986 |
|
| 245 | 1 | 0 |
_aGalería de la reforma _buna remembranza y 45 testimonios de Juárez y su México _cprólogo, selección y notas, Luis González. |
| 260 |
_aMéxico _bSEP _c1986 |
||
| 300 |
_a240 p. _c21 cm. |
||
| 440 | 0 |
_aCien de México _93027 |
|
| 500 | _aEstado físico: Hojas desprendidas | ||
| 500 | _aAu251 | ||
| 651 | 4 |
_aMéxico _xHistoria _y1821-1861 _9618 |
|
| 651 | 4 |
_aMéxico _xHistoria _yIntervención europea, 1861-1867 _9758 |
|
| 651 | 4 |
_aMéxico _xHistoria _y1867-1910 _94778 |
|
| 700 | 1 |
_aGonzález y González, Luis _ecomp. _92602 |
|
| 902 | _aGRL | ||
| 942 |
_2lcc _cB |
||
| 999 |
_c9007 _d9007 |
||